000 00338nam a22001217a 4500
082 _aTHE 200
100 _aAISHA ABBAS,
_972785
245 _aTH-SOF-0743-AN ASSESSMENT OF DESIGN PROCESS AND COMPET
260 _aNUST COLLEGE OF EME
_bISLAMABAD
_c2001
650 _aMS-EM-5 MSTHESIS
_972537
700 _aDR NAWAR KHAN
_918465
942 _cCF
999 _c578762
_d578762